<?xml version="1.0" encoding="UTF-8"?>
<record
    xmlns:xsi="http://www.w3.org/2001/XMLSchema-instance"
    xsi:schemaLocation="http://www.loc.gov/MARC21/slim http://www.loc.gov/standards/marcxml/schema/MARC21slim.xsd"
    xmlns="http://www.loc.gov/MARC21/slim">

  <leader>00926nam a2200253 i 4500</leader>
  <controlfield tag="001">bg</controlfield>
  <datafield tag="245" ind1="1" ind2="0">
    <subfield code="a">Gmina, powiat, wojew&#xF3;dztwo po reformie terenowej administracji publicznej :</subfield>
    <subfield code="b">zbi&#xF3;r przepis&#xF3;w prawnych z obja&#x15B;nieniami.</subfield>
    <subfield code="n">T. 2,</subfield>
    <subfield code="p">Ustr&#xF3;j, gospodarka, finanse /</subfield>
    <subfield code="c">oprac.: Piotr &#x15A;wi&#x105;tecki, Maciej Berek.</subfield>
  </datafield>
  <datafield tag="250" ind1=" " ind2=" ">
    <subfield code="a">Stan prawny na dzie&#x144; 15 kwietnia 1999 r.</subfield>
  </datafield>
  <datafield tag="260" ind1=" " ind2=" ">
    <subfield code="a">Warszawa :</subfield>
    <subfield code="a">Zielona G&#xF3;ra :</subfield>
    <subfield code="b">Zachodnie Centrum Organizacji,</subfield>
    <subfield code="c">1999.</subfield>
  </datafield>
  <datafield tag="300" ind1=" " ind2=" ">
    <subfield code="a">432 s. ;</subfield>
    <subfield code="c">25 cm.</subfield>
  </datafield>
  <datafield tag="650" ind1=" " ind2="9">
    <subfield code="a">Samorz&#x105;d terytorialny</subfield>
    <subfield code="x">prawo</subfield>
    <subfield code="z">Polska</subfield>
    <subfield code="y">stan na 1999 r.</subfield>
  </datafield>
  <datafield tag="650" ind1=" " ind2="9">
    <subfield code="a">Administracja publiczna</subfield>
    <subfield code="x">reforma</subfield>
    <subfield code="z">Polska</subfield>
    <subfield code="y">stan na 1999 r.</subfield>
  </datafield>
  <datafield tag="700" ind1="1" ind2=" ">
    <subfield code="a">&#x15A;wi&#x105;tecki, Piotr.</subfield>
    <subfield code="e">Oprac.</subfield>
  </datafield>
  <datafield tag="700" ind1="1" ind2=" ">
    <subfield code="a">Berek, Maciej.</subfield>
    <subfield code="e">Oprac.</subfield>
  </datafield>
  <datafield tag="020" ind1=" " ind2=" ">
    <subfield code="a">8387161489</subfield>
  </datafield>
  <datafield tag="040" ind1=" " ind2=" ">
    <subfield code="c">BPK</subfield>
  </datafield>
  <datafield tag="041" ind1="0" ind2=" ">
    <subfield code="a">pol</subfield>
  </datafield>
  <datafield tag="044" ind1=" " ind2=" ">
    <subfield code="a">POL</subfield>
  </datafield>
  <datafield tag="080" ind1=" " ind2=" ">
    <subfield code="a">342.25</subfield>
  </datafield>
  <datafield tag="080" ind1=" " ind2=" ">
    <subfield code="a">(438)</subfield>
  </datafield>
  <datafield tag="920" ind1=" " ind2=" ">
    <subfield code="a">83-87161-48-9</subfield>
  </datafield>
  <datafield tag="942" ind1=" " ind2=" ">
    <subfield code="c">KS</subfield>
  </datafield>
  <controlfield tag="008">130116s        pl a   f     |000 0 pol  </controlfield>
  <datafield tag="999" ind1=" " ind2=" ">
    <subfield code="c">53841</subfield>
    <subfield code="d">53841</subfield>
  </datafield>
  <datafield tag="856" ind1=" " ind2=" ">
    <subfield code="u">http://koha.tu.koszalin.pl/cgi-bin/koha/opac-detail.pl?biblionumber=53841</subfield>
    <subfield code="y">Katalog online BPK</subfield>
  </datafield>
  <datafield tag="952" ind1=" " ind2=" ">
    <subfield code="0">0</subfield>
    <subfield code="1">0</subfield>
    <subfield code="4">0</subfield>
    <subfield code="7">1</subfield>
    <subfield code="a">BPK</subfield>
    <subfield code="b">BPK</subfield>
    <subfield code="c">eh</subfield>
    <subfield code="o">S 1622</subfield>
    <subfield code="p">02524290</subfield>
    <subfield code="t">352/353 St</subfield>
    <subfield code="y">KS</subfield>
  </datafield>
</record>
